000 00292nam a22001337a 4500
008 181005b xxu||||| |||| 00| 0 eng d
020 _a0805396128
041 _aeng
080 _a573
100 _a11
101 _aBIO
245 _aMolecular Biology of the Gene
_cWatson
942 _2udc
_cBK
999 _c48919
_d48919